Rapsódie a miniatúry

Bibliographic Details
Main Author: Kadlečík, Ivan, 1938-2014 (Author)
Format: Book
Language:Slovak
PhysicalDescription:65 s. 17 cm
Published: Köln Index 1988
Edition:1. vyd.
Series:INDEX
Subjects:

MARC

LEADER 00000nam a2200000 a 4500
001 vtls001177983
003 SK-MaSNL
005 20260429135654.0
008 250414s1988 gw 0 slo
015 |a SNBZSA1990 
035 |a SNK000120984 
040 |a SNK  |b slo  |c SNK  |e AACR2 
041 0 |a slo 
044 |a gw  |c DE 
080 |a 885.4-4  |2 1981 
080 |a 885.4-3  |2 1981 
080 |a 821.162.4-3  |2 2011 
100 1 |a Kadlečík, Ivan,  |d 1938-2014  |4 aut  |9 158250 
245 1 0 |a Rapsódie a miniatúry  |c Ivan Kadlečík 
250 |a 1. vyd. 
260 |a Köln  |b Index  |c 1988 
300 |a 65 s.  |c 17 cm 
490 1 |a INDEX  |v č. 146 
655 7 |a slovenské prózy  |2 SNKPH  |9 70229 
830 0 |a INDEX  |9 331351 
852 |a Slovenská národná knižnica 
954 |a eseje  |a miniatúry prozaické 
958 |a DE 
958 |a LX 
958 |a TL 
958 |a ZS 
958 |a OND 
999 |c 613231  |d 615161 
952 |t P60, <04>, [BOOK], {604}  |a SNK  |b SNK  |y VYP  |7 0  |p 17A0173578  |o snkSD 62004 D2  |0 0  |1 0  |4 0  |d 1998-12-08  |l 0  |r 2005-01-01 00:00:00  |w 2026-02-23